| 000 | 00440nam a22001697a 4500 | ||
|---|---|---|---|
| 005 | 20260413155537.0 | ||
| 008 | 160628b xxu||||| |||| 00| 0 eng d | ||
| 020 | _a81-900547-9-1 | ||
| 041 | _aeng | ||
| 082 | _a658.812 | ||
| 100 |
_aBatra, Pramod and Vijay _93029 |
||
| 245 | _aSimple Ways to Manage Your Service Customers | ||
| 260 | _bFather laws and Con | ||
| 300 | _a97 | ||
| 650 |
_acustomer service management _98983 |
||
| 942 | _cBK | ||
| 999 |
_c4384 _d4383 |
||